| Registos Bibliográficos associados ao registo de autoridade |
|
Etiqueta de registo: 00254nbm 2200025 450 001 2146508 003 http://id.bnportugal.gov.pt/bib/catbnp/2146508 100 ## $a20231017d18171008k y0pory01030103ba 101 0# $apor 102 ## $aGB 105 ## $ay z 000yy 106 ## $ah 200 1# $a [ Carta de José Basílio Rademaker para seu primo António Rebelo de Andrade, que estava
no Rio de Janeiro, comentando as notícias levadas pelo navio Tortoise a Londres]$bManuscrito] 210 #1 $aLondres,$d8 de Outubro de 1817 215 ## $a[2] f.$d23 cm 300 ## $aAutógrafo assinado 307 ## $aDano do suporte; fragmento de um selo de lacre 307 ## $aEndereço no verso do f.2: Ao Illmo Sr. Antonio Rebello de Andrade, Fidalgo Cava[leir]o
da R[ea]l Caza de S. Mag[esta]de. Rio de Janeiro 317 ## $aIntegra a doação que Jorge de Moser (1906-1971) fez em 1971 à Biblioteca Nacional,
constituída por documentação de carácter arquivístico assim como uma colecção de códices
e manuscritos avulsos 321 ## $aReferido em: Inventário da Colecção Jorge de Moser / Biblioteca Nacional. Lisboa,
1974, p. 31 700 #1 $aRademaker,$bJosé Basílio,$f1789-1856$31896379 702 #1 $aMoser,$bJorge de,$f1906-1971$4390$3306704 801 #0 $aPT$bBN$gRPC 966 ## $lBN$mRESARQ$sC.J.M. 512 $x3 971 ## $cjcapela$d20231017 972 ## $e1$z0$d20260319$vanacris
Etiqueta de registo: 00254nbm 2200025 450 001 2146588 003 http://id.bnportugal.gov.pt/bib/catbnp/2146588 100 ## $a20231018d18291830m y0pory01030103ba 101 0# $apor 102 ## $aIT 105 ## $ay z 000yy 106 ## $ah 200 1# $a [ Cartas de José Basílio Rademaker para João Carlos Mardel Ferreira dando notícias
familiares, pedindo opinião sobre o regresso dos jesuítas a Portugal, entre vários
assuntos]$bManuscrito] 210 #1 $aTurim, $d1829-1830 215 ## $a2 cartas ([4] f.)$d254 cm 300 ## $aReferência a que as cartas foram respondidas 300 ## $aAutógrafos assinados 300 ## $aTranscrição de uma carta em francês no conteúdo da segunda carta (f. 3) 300 ## $aCartas escritas na vertical e na horizontal, numeradas, pela mesma mão nº 4 e nº 5 307 ## $aDano do suporte, rasgos nas duas cartas; selo de lacre na segunda carta 317 ## $aIntegra a doação que Jorge de Moser (1906-1971) fez em 1971 à Biblioteca Nacional,
constituída por documentação de carácter arquivístico assim como uma colecção de códices
e manuscritos avulsos 321 ## $aReferido em: Inventário da Colecção Jorge de Moser / Biblioteca Nacional. Lisboa,
1974, p. 31 327 11 $a Queixa-se das poucas notícias que recebe de Portugal, 3 de Fevereiro de 1829 (f.1)
$aConsiderações sobre o assunto dos jesuítas, transcreve, em francês, uma carta enviada
ao Reitor do Colégio dos Jesuítas de Turim por um Padre da mesma Sociedade do Colégio
de Laval, que desmente as insolências que têm veiculado os liberais. Pede os números
que tivessem saído do «Defensor dos Jesuítas» e o almanaque desse ano, 9 de Matço
de 1830 (f. 3) 700 #1 $aRademaker,$bJosé Basílio,$f1789-1856$31896379 702 #1 $aMoser,$bJorge de,$f1906-1971$4390$3306704 801 #0 $aPT$bBN$gRPC 966 ## $lBN$mRESARQ$sC.J.M. 513 $x3 971 ## $cjcapela$d20231018 972 ## $e1$z1$d20260319$vanacris
Etiqueta de registo: 00000nbm 2200025 450 001 2222461 003 http://id.bnportugal.gov.pt/bib/catbnp/2222461 100 ## $a20250806f18151824k y0pory01030103ba 101 0# $apor$afre 102 ## $aPT$aFR$aGB$aIT$aRU 105 ## $ay z 000yy 106 ## $ah 200 1# $a [ Correspondência vária entre D. Miguel Pereira Forjaz, Pedro de Souza Holstein,
conde de Palmela, Tomás António de Vila Nova Portugal, Manuel de Almeida Vasconcelos,
visconde da Lapa, e Fernando José Bettencourt Noronha, visconde de Torre Bela, maioritariamente
no âmbito de negociações para tratado] 210 #1 $aLisboa;$aSão Petersburgo;$aNápoles;$aLondres;$aParis,$d[1815]-1824 215 ## $a[60] f. (26 documentos)$d38 cm 300 ## $aOriginais assinados; cópias 307 ## $aSuporte manchado por humidade, com ligeiro repassamento e corrosão por acção de tinta
ferrogálica, e com f. rasgadas com prejuízo para a leitura 316 ## $aCota antiga: ALB/Av. Roma/Pacote 95/N.º 135/Cx. 95 A 317 ## $aIntegra o Arquivo de Família Almada e Lencastre Bastos adquirido pela BNL, aos herdeiros,
em 1974 321 1# $aDescrito em: Gago, Alice João Palma Borges - Arquivos e práticas arquivísticas de
famílias de elite : (Portugal, séculos XV-XVII). Lisboa : [s.n.], 2019. 3 vol. Tese
dout. História (Arquivística Histórica), Fac. de Ciências Sociais e Humanas 327 11 $a26 documentos$aOfício de D. José Massa , cônsul-geral pontifício, a D. Miguel Pereira Forjaz, 1824
(ALB/ROMA/31636)$aOfícios do visconde da Lapa a D. Miguel Pereira Forjaz, 1820 (ALB/ROMA/31637-31639)$aOfício do visconde de Torre Bela ao conde de Palmela, Secretário de Estado dos Negócios
Estrangeiros e da Guerra, junto com envelope, 1820 (ALB/ROMA/31640)$aCópias de ofícios do visconde da Lapa a Tomás António de Vila Nova Portugal (1820)
(ALB/ROMA/31641-31643, 31645-31647 e 31649)$aCópia de memória dirigida a todos os ministros da Rússia acerca dos assuntos de Espanha,
por Abreu e Lima (ALB/ROMA/31644)$aCópia de uma circular dirigida aos ministros do imperador da Alemanha, por Abreu e
Lima (1819) (ALB/ROMA/31648)$aMemória no âmbito da elaboração de tratado em Viena (?) (incompleto), [1815] (ALB/ROMA/31650)$aOfício de D. Miguel Pereira Forjaz ao conde de Palmela (rascunho?), [1819] (ALB/ROMA/31651)$aOfícios do conde de Palmela a D. Miguel Pereira Forjaz, junto com um índice dos documentos
anexados, 1819 (ALB/ROMA/31652-31654 e 31656)$aCópia de um parágrafo de um ofício do conde de Palmela em 1819 (ALB/ROMA/31655)$aCópia de nota dos plenipotenciários mediadores, duque de Fernán Nuñez e de Montellano
(1819) (ALB/ROMA/31657)$aCópia do projecto de tratado proposto pelo plenipotenciário espanhol, o duque de Fernán
Nuñez, feita por J. B. Rademaker (ALB/ROMA/31658)$aCópia do bilhete dos mediadores, feita por J. B. Rademaker (1819) (ALB/ROMA/31659)$aCópia de nota final dos plenipotenciários portugueses, o conde de Palmela e o marquês
de Marialva, feita por J. B. Rademaker (1819) (ALB/ROMA/31660)$aRascunho sobre os ofícios de Londres (ALB/ROMA/31661) 701 #1 $aVasconcelos,$bManuel de Almeida de Soveral Carvalho e,$f1784-1832$4070$3267180 701 #1 $aTorre Bela,$cVisconde de,$f1768-1821$4070$31867822 701 #1 $aForjaz,$bMiguel Pereira,$f1769-1827$4070$31271840 701 #1 $aRademaker,$bJosé Basílio,$f1789-1856$4070$31896379 701 #0 $aPalmela,$cDuque de$4070$388741 701 #1 $aMarialva,$b6º Marquês de,$f1775-1823$4070$31727067 702 #1 $aForjaz,$bMiguel Pereira,$f1769-1827$4660$31271840 702 #0 $aPalmela,$cDuque de$4660$388741 702 #1 $aPortugal,$bTomás António de Vila Nova,$f1755-1839$4660$31891638 722 ## $aFamília Almada e Lencastre Bastos$4390$31877471 801 #0 $aPT$bBN$gRPC 966 ## $lBN$mRESARQ$sALB/ROMA/31636-31661$x2 971 ## $d2024PRRARQ 972 ## $e0$z0$d20250911$vmrosario
|
|
|